000 00649nam a2200241Ia 4500
003 OSt
005 20230516134851.0
008 210423s2014 xx 000 0 und d
020 _a978-93-515-00827
040 _cAL
041 _aeng
082 _a519.5028 FIED
100 _aFIELD (Andy)
_9105233
245 _aDiscovering statistics using IBM SPSS statistics Ed 4
250 _a4
260 _aNew Delhi
_bSage Publications
_c2014
300 _axxxv,915
_bPB
365 _b750
_cINR
650 _aMathematics
_9105234
650 _aStatistics
_9105235
906 _aDiscovering ; Ed ; IBM ; SPSS ; statistics ; using
942 _2ddc
_cBK
999 _c166340
_d166340